| Поле | Инд. | ПП | Название | Значение |
|---|---|---|---|---|
| Тип записи | a | |||
| Библиографический уровень | m | |||
| 001 | Контрольный номер | RU/LIBMSTU/265216256 | ||
| 005 | Дата корректировки | 20200519142640.8 | ||
| 020 | 00 | c | Цена, тираж | 396-00 |
| 084 | a | Индекс другой классификации/Индекс ББК | 68.53-1 | |
| 090 | 00 | a | Полочн. индекс | 68.53-1 |
| x | Авторский знак | К 65 | ||
| 245 | 00 | a | Заглавие | Координаты памяти |
| b | Продолж. заглавия | Места отдания воинских почестей в память славных побед и героической гибели кораблей русского и советского флота | ||
| c | Ответственность | авт.-сост. А. Н. Болосов | ||
| 260 | 00 | a | Место издания | Москва |
| c | Дата издания | 2002 | ||
| 300 | 00 | a | Объем | 344 с. |
| 650 | _4 | a | Основная рубрика | Военно-морской флот-История |
| 653 | 00 | a | Ключевые слова | Военно-морской флот |
| 653 | 00 | a | Ключевые слова | История флота |
| 653 | 00 | a | Ключевые слова | Российский флот |
| 653 | 00 | a | Ключевые слова | Воинские почести |
| 901 | t | Тип документа | m | |
| 990 | 00 | f | Даты поступлений (DOS) | 11.02 |